| 000 | 00914nam0a2200289 4500 | ||
|---|---|---|---|
| 001 | RU\NLR\bibl\1736985 | ||
| 005 | 20250616111524.0 | ||
| 010 |
_a978-5-17-068970-5 _bАСТ |
||
| 010 |
_a978-5-271-32279-2 _95000 _bАстрель |
||
| 021 |
_aRU _b2011-3259 _9221 |
||
| 035 | _a(NLR Aleph) 001727913 | ||
| 090 |
_a1381011 _c1381011 |
||
| 100 | _a20110216d2011 |||y0rusy50 ca | ||
| 101 | 1 |
_arus _ceng |
|
| 102 | _aRU | ||
| 105 | _ay ||||||||| | ||
| 200 | 1 |
_aОбгоняя смерть _e[роман] _fТим Уивер _g[пер. с англ. Д.В. Вознякевича] |
|
| 210 |
_aМосква _cАСТ _cАстрель _d2011 |
||
| 215 |
_a317 с. _d21 |
||
| 225 | 1 | _aПаутина смерти | |
| 686 | _aШ6(7США)67-445{Лх1979-62} | ||
| 700 | 1 |
_aУивер _bТ. _gТим _4070 |
|
| 801 | 0 |
_aRU _bNLR _c20110216 _gRCR |
|
| 801 | 1 |
_aRU _bNLR _c20110216 |
|
| 942 | _cBOOK | ||
| 980 | _aNB | ||